000 00691nam a2200265Ia 4500
003 OSt
005 20220912151734.0
006 a|||||r|||| 00| 0
007 ta
008 220909b |||||||| |||| 00| 0 eng d
024 _a44288
037 _cTextual
040 _aCSL
_beng
_cCSL
041 _aeng
082 _aD65,8(B28), M1
100 _aLord Kenniston W
245 0 _aData center disaster consultant
250 _a2
260 _aWellesley
_bQ E D information Sciences
_c1981
300 _a217p.
_ccm.
650 _a Computer graphics
650 _aComputer science
942 _hD65,8(B28), M1
_cTEXL
_2CC
999 _c74293
_d74293